[Event "Vaujany 2021 Accession"]
[Site "Vaujany"]
[Date "2021.07.21"]
[Round "7.3"]
[White "Garde, Guillaume"]
[Black "Bourg, Nicolas"]
[Result "1-0"]
[WhiteElo "1726"]
[BlackElo "1507"]
[PlyCount "69"]
[EventDate "2021.07.15"]
[EventType "swiss"]
[EventRounds "9"]
[EventCountry "FRA"]
[SourceVersionDate "2021.07.15"]

1. d4 Nf6 2. Nc3 d5 3. Bf4 a6 4. e3 Bf5 5. f3 e6 6. g4 Bg6 7. h4 h5 8. g5 Nfd7
9. Bd3 Bxd3 10. Qxd3 Bd6 11. Nge2 Nf8 12. O-O-O Ng6 13. Rde1 Nc6 14. Bxd6 Qxd6
15. e4 dxe4 16. fxe4 O-O-O 17. Rd1 Qe7 18. Qe3 b6 19. Ng3 Kb7 20. Nce2 Na5 21.
Qf3 Nc4 22. c3 e5 23. Nf5 Qe8 24. Nxg7 Qa4 25. Kb1 Nxh4 26. Qd3 exd4 27. cxd4
Qb5 28. b3 Na3+ 29. Kb2 Qxg5 30. Kxa3 Qxg7 31. Rxh4 f5 32. Rdh1 c5 33. exf5
Rhe8 34. Rxh5 Qe7 35. Rh7 1-0

[Event "Vaujany 2021 Accession"]
[Site "Vaujany"]
[Date "2021.07.21"]
[Round "7.1"]
[White "Paredes, Brayan"]
[Black "Sesia, Noah"]
[Result "1/2-1/2"]
[WhiteElo "1872"]
[BlackElo "1846"]
[PlyCount "78"]
[EventDate "2021.07.15"]
[EventType "swiss"]
[EventRounds "9"]
[EventCountry "FRA"]
[SourceVersionDate "2021.07.15"]

1. e4 e6 2. Qe2 c5 3. Nf3 Nc6 4. c3 d5 5. d4 dxe4 6. Qxe4 Nf6 7. Qh4 Be7 8. Bb5
O-O 9. Bxc6 bxc6 10. O-O Ba6 11. Re1 cxd4 12. Nxd4 Rc8 13. Qg3 Bd6 14. Qf3 Qc7
15. Qh3 c5 16. Nf3 Bb7 17. Bg5 Ne4 18. Nbd2 Nxg5 19. Nxg5 h6 20. Nge4 Be7 21.
Ng3 Rcd8 22. Nc4 Rd5 23. Re4 Rfd8 24. Ne3 Rd2 25. Rg4 f5 26. Rg6 Bg5 27. Ngf1
R2d6 28. Nc4 Ra6 29. Re1 Bd5 30. Nfe3 Kh7 31. Rxg5 Bxc4 32. Nxc4 Qf4 33. Rg3
Qxc4 34. Qh5 e5 35. Qxf5+ g6 36. Qxe5 Rd7 37. h3 Rxa2 38. Qe8 Qf4 39. b3 Qxf2+
1/2-1/2